Lifting Titan’s veil : Exploring the giant moon of Saturn
Lifting Titan's Veil is a revealing account of the second largest moon in our solar system. This world in orbit around Saturn is the only body in the solar system with an atmosphere strikingly similar to Earth's. Titan is like a giant frozen laboratory that may help scientists understand t...
Na minha lista:
| Autor principal: | |
|---|---|
| Formato: | Livro |
| Idioma: | Undetermined |
| Publicado em: |
Cambridge UK
Cambridge University Press
2002
|
| Tags: |
Adicionar Tag
Sem tags, seja o primeiro a adicionar uma tag!
|
| Thư viện lưu trữ: | Trung tâm Học liệu Trường Đại học Cần Thơ |
|---|
| LEADER | 00903nam a2200205Ia 4500 | ||
|---|---|---|---|
| 001 | CTU_166795 | ||
| 008 | 210402s9999 xx 000 0 und d | ||
| 020 | |c 60 | ||
| 082 | |a 523.986 | ||
| 082 | |b L869 | ||
| 100 | |a Lorenz, Ralph | ||
| 245 | 0 | |a Lifting Titan’s veil : | |
| 245 | 0 | |b Exploring the giant moon of Saturn | |
| 245 | 0 | |c Ralph Lorenz, Jacqueline Mitton | |
| 260 | |a Cambridge UK | ||
| 260 | |b Cambridge University Press | ||
| 260 | |c 2002 | ||
| 520 | |a Lifting Titan's Veil is a revealing account of the second largest moon in our solar system. This world in orbit around Saturn is the only body in the solar system with an atmosphere strikingly similar to Earth's. Titan is like a giant frozen laboratory that may help scientists understand the first chemical steps towards the origin of life. | ||
| 904 | |i Trọng Hiếu | ||
| 980 | |a Trung tâm Học liệu Trường Đại học Cần Thơ | ||